| 000 | 00829nam a2200205Ia 4500 | ||
|---|---|---|---|
| 003 | GCL | ||
| 008 | 140319s9999 xx 000 0 ara d | ||
| 040 |
_aGCL / _cGCL |
||
| 082 | 0 | 4 |
_a953.0716 _bأ ح |
| 100 | 1 | _aاحمد ثانى الدوسرى | |
| 245 | 1 | 0 |
_aالحياة الاجتماعية فى غرناطة فى عصر دولة بن الاحمر 635-897 هـ \ 1238-1492 م / _cاحمد ثانى الدوسرى |
| 700 | 1 | _aعبدالهادى التازى | |
| 260 |
_aالامارات : _bالمجمع الثقافى ، _c2004 |
||
| 300 |
_a401 ص ؛ _c24 سم |
||
| 650 | 0 | 4 | _aمملكة غرناطة |
| 650 | 0 | 4 | _aغرناطة - تاريخ - عصر بن الاحمر |
| 650 | 0 | 4 | _aغرناطة - الاحوال الاجتماعية |
| 650 | 0 | 4 | _aغرناطة - الاحوال الاقتصادية |
| 942 |
_2ddc _cBK |
||
| 999 |
_c8237 _d8237 |
||